• 首页
  • 本馆介绍
  • 公告通知
  • 最新文献
  • 馆藏检索
  • 电子资源
  • 读者导购
  • 参考咨询
  • 我的图书馆
  • 登录
  • 详细信息显示
  • 放入我的书架
  • 预约/预借图书
  • 作者相关作品
  • 分类相关作品
  • 丛书相关作品
  • 出版社相关作品

书目信息

  • 表格格式
  • 工作单格式
  • 卡片格式
题名:
古德里安
    
 
作者: 李乡状 编著
分册:  
出版信息: 长春   吉林大学出版社  2018重印
页数: 391页
开本: 24cm
丛书名:
单 册:
中图分类: K835.165.2
科图分类:
主题词: 军事人物--jun shi ren wu--生平事迹--德国--现代
电子资源:
ISBN: 978-7-5601-4680-5
000 01069nam0 2200301 45
001 012001009987
005 20140102084125.0
010    @a978-7-5601-4680-5@dCNY58.00
092    @aCN@bCEPC093801-1460
099    @aCAL 012010010876
100    @a20090817d2009 em y0chiy50 ea
101 0  @achi
102    @aCN@b220000
105    @aa z 000yb
106    @ar
200 1  @a古德里安@Agu de li an@f李乡状等编著
210    @a长春@c吉林大学出版社@d2018重印
215    @a391页@c图@d24cm
312    @a其它题名信息取自封面
330    @a本书共分十八章, 主要介绍了将门虎子、道路曲折、锋芒初露、入侵波兰、扑向敦刻尔克、挥师法国、准备苏联战役、打响苏联战役、成功进军、艰难的抉择等内容。
333    @a军事爱好者
517 1  @a坦克之父悲剧英雄@Atan ke zhi fu bei ju ying xiong
600  1 @a古德里安@Agu de li an@g(Guderian, Heinz),@f1888-1953@x生平事迹
606 0  @a军事人物@Ajun shi ren wu@x生平事迹@y德国@z现代
690    @aK835.165.2@v4
701  0 @a李乡状@Ali xiang zhuang@4编著
801  2 @aCN@b上海新华@c20191020
905    @b1135202-5@dK835.165.2@e1089@f4
    
    古德里安/李乡状等编著.-长春:吉林大学出版社,2018重印
    391页:图;24cm
    使用对象:军事爱好者
    
    ISBN 978-7-5601-4680-5:CNY58.00
    本书共分十八章, 主要介绍了将门虎子、道路曲折、锋芒初露、入侵波兰、扑向敦刻尔克、挥师法国、准备苏联战役、打响苏联战役、成功进军、艰难的抉择等内容。
●
相关链接 在E读中查询图书 在五车中查询图书 在当当中查询图书 在豆瓣中查询图书


正题名:古德里安     索取号:K835.165.2/1089         预约/预借

序号 登录号 条形码 馆藏地/架位号 状态 备注
1 1135202   211352025   第二样本阅览室/ [索取号:K835.165.2/1089] 在馆    
2 1135203   211352034   第二借阅区/ [索取号:K835.165.2/1089] 在馆    
3 1135204   211352043   第二借阅区/ [索取号:K835.165.2/1089] 在馆    
4 1135205   211352052   第二借阅区/ [索取号:K835.165.2/1089] 在馆    
唐山师范学院图书馆 欢迎您!
大连网信软件有限公司© 版权所有